| Tag |
First Indicator |
Second Indicator |
Subfields |
| LEADER |
00000cam a2200000Ii 4500 |
| 001 |
in00003711521 |
| 005 |
20170926152654.0 |
| 008 |
160118t20162016nyua j b 001 0 eng d |
| 020 |
|
|
|a 9781847808455
|
| 020 |
|
|
|a 184780845X
|
| 024 |
8 |
|
|a 40026777479
|
| 035 |
|
|
|a (OCoLC)ocn935196639
|
| 035 |
|
|
|a (OCoLC)935196639
|
| 040 |
|
|
|a BTCTA
|b eng
|e rda
|e rda
|c BTCTA
|d YDXCP
|d BDX
|d OWL
|d OCLCO
|d ZPP
|d CLE
|d OCLCF
|d OCLCO
|d UAB
|d OCLCO
|d TXL
|d OCLCO
|d ORX
|d KVIJL
|d UtOrBLW
|
| 049 |
|
|
|a TXAM
|
| 050 |
|
4 |
|a QE861.5
|b .B772 2016
|
| 082 |
0 |
4 |
|a 567.9
|2 23
|
| 100 |
1 |
|
|a Brusatte, Stephen,
|e author.
|0 http://id.loc.gov/authorities/names/no2003002227
|
| 245 |
1 |
0 |
|a Day of the dinosaurs :
|b step into a spectacular prehistoric world /
|c Dr. Steve Brusatte, [illustrated by] Daniel Chester.
|
| 264 |
|
1 |
|a New York :
|b Wide Eyed Editions,
|c 2016.
|
| 264 |
|
4 |
|c ©2016
|
| 300 |
|
|
|a 79 pages :
|b color illustrations ;
|c 30 cm
|
| 336 |
|
|
|a text
|b txt
|2 rdacontent
|
| 337 |
|
|
|a unmediated
|b n
|2 rdamedia
|
| 338 |
|
|
|a volume
|b nc
|2 rdacarrier
|
| 504 |
|
|
|a Includes bibliographical references (page 79) and index.
|
| 520 |
|
|
|a Learn everything you ever wanted to know about dinosaurs in this book that allows you to compare the biggest, fastest and fiercest creatures of the land, sea and sky from four different prehistoric periods: the Triassic, the early Jurassic, the Late Jurassic and the Cretaceous. Sections on diet, weapons and defence and dinosaur senses make this a comprehensive introduction to one of the earth's most successful animals. Fact-filled, fully illustrated and in an exciting large format, this is a thrilling read for any budding paleontologist. --Publisher
|
| 650 |
|
0 |
|a Dinosaurs
|v Juvenile literature.
|0 http://id.loc.gov/authorities/subjects/sh2008102205
|
| 650 |
|
7 |
|a Dinosaurs.
|2 fast
|0 (OCoLC)fst00893996
|
| 650 |
|
1 |
|a Dinosaurs.
|
| 650 |
|
4 |
|a Dinosaurs.
|
| 655 |
|
7 |
|a Juvenile works.
|2 fast
|0 (OCoLC)fst01411637
|
| 700 |
1 |
|
|a Chester, Daniel,
|e illustrator.
|0 http://id.loc.gov/authorities/names/no2016141944
|
| 945 |
|
|
|b 962985
|
| 947 |
|
|
|a A14850023020
|
| 994 |
|
|
|a 92
|b TXA
|
| 948 |
|
|
|a Cataloged
|b h
|c 2017/2/9
|d c
|
| 999 |
f |
f |
|s 03769069-dc37-38f4-a8a3-74e8c3f90ca9
|i 55b2865c-0cc3-39c6-b980-bbf13f079067
|t 0
|
| 952 |
f |
f |
|p normal
|a Texas A&M University
|b College Station
|c Sterling C. Evans Library
|d Evans: Curriculum Collection (4th floor)
|t 0
|e QE861.5 .B772 2016
|h Library of Congress classification
|i unmediated -- volume
|m A14850023020
|
| 998 |
f |
f |
|a QE861.5 .B772 2016
|t 0
|l Evans: Curriculum Collection (4th floor)
|